WISE AND OTHERWISE (Record no. 30398)

MARC details
000 -LEADER
fixed length control field 00327nam a2200133Ia 4500
008 - FIXED-LENGTH DATA ELEMENTS--GENERAL INFORMATION
fixed length control field 240624s9999 xx 000 0 und d
041 ## - LANGUAGE CODE
Language code of text/sound track or separate title eng
082 ## - DEWEY DECIMAL CLASSIFICATION NUMBER
Classification number 823 MUR
100 ## - MAIN ENTRY--PERSONAL NAME
Personal name MURTY SUDHA
245 ## - TITLE STATEMENT
Title WISE AND OTHERWISE
260 ## - PUBLICATION, DISTRIBUTION, ETC.
Date of publication, distribution, etc. 2016
Place of publication, distribution, etc. Pune
Name of publisher, distributor, etc. Mehta Publishing House
300 ## - PHYSICAL DESCRIPTION
Extent viii, 206 p.; 23 cm.
365 ## - TRADE PRICE
Currency code RS
Price amount 25
Holdings
Withdrawn status Lost status Damaged status Not for loan Home library Current library Shelving location Date acquired Cost, normal purchase price Total Checkouts Total Renewals Full call number Barcode Date due Date last seen Date last checked out Copy number Price effective from Koha item type
        IMTN IMTN Rack 39-B 03/28/2018 150.00 7 1 823 MUR 30398 01/22/2026 01/12/2026 01/12/2026 1 06/24/2024 Books
Designed & Maintained by: LRC IMT Nagpur Contact: lrc@imtnag.ac.in© 2024. All Rights Reserved.